000 00833nam a22002297a 4500
001 47636
003 BD-RjUL
005 20211209054345.0
008 160809s1985 bg a|||| |||| 00| 0 ben d
020 _c : TK 85.00
035 _a(BD-RjUL)47755
040 _aBD-RjUL
_bben
_cBD-RjUL
041 _aben
082 _223
_a639.3
_bISM 1985
100 1 _aইসলাম, আনোয়ারুল
_9144765
245 1 0 _aমাছের চাষ ও ব্যবস্থাপনা /
_cআনোয়ারুল ইসলাম
260 _aঢাকা :
_bবাংলা একাডেমী,
_c১৯৮৫
300 _a[৩], ২৭৭ পৃ. :
_bচিত্রবলী ;
_c২১ সেমি.
650 _aমাছের সংস্কৃতি
_9145050
650 _aCulture of fishes
_9145051
942 _2ddc
_cBK
999 _c47636
_d47636